People or personnel: decentralizing and the mixed systems; and Like a conquered province : the moral ambiguity of America

Сохранить в:
Библиографические подробности
Главный автор: Goodman, Paul
Формат:
Язык:Undetermined
Опубликовано: New York Vintage Books 1968
Предметы:
Метки: Добавить метку
Нет меток, Требуется 1-ая метка записи!
Thư viện lưu trữ: Trung tâm Học liệu Trường Đại học Cần Thơ
LEADER 00683nam a2200205Ia 4500
001 CTU_89298
008 210402s9999 xx 000 0 und d
082 |a 973.92 
082 |b G653 
100 |a Goodman, Paul 
245 0 |a People or personnel: decentralizing and the mixed systems; and Like a conquered province : the moral ambiguity of America 
245 0 |c Paul Goodman 
260 |a New York 
260 |b Vintage Books 
260 |c 1968 
650 |a United states,United states,United States 
650 |x Social conditions,Civilization,Moral conditions 
650 |y 1945-,20th century 
904 |i Nguyên 
980 |a Trung tâm Học liệu Trường Đại học Cần Thơ